| Registos Bibliográficos associados ao registo de autoridade |
|
Etiqueta de registo: 01878cam 2200469 450 001 819810 003 http://id.bnportugal.gov.pt/bib/catbnp/819810 005 19990125000000.0 095 ## $aPTBN00471104 100 ## $a19920318d1854 km y0pory0103 ba 101 0# $afre 102 ## $aPT 105 ## $ay z 001yy 106 ## $ar 200 1# $a Le Portugal devant l'Europe et le Monde ou les traités de 1815 et la politique du
travail$fpar Charles Perreymond 210 #9 $aLisbonne$cImprimerie de A. J. F. Lopes,$d1854 215 ## $a[6], XIV, 168 p., [2] p.$d23 cm 316 ## $aEncadernação em chagrin com brasões e ferros dourados, executada por Paulino Ferreira$5PTBN: PTBN: D.S. XIX - 738 317 ## $aPert.: António Alberto Marinho Duarte de Sousa$5PTBN: D.S. XIX - 738; D.S. XIX - 739; D.S. XIX - 740 321 1# $aDuarte de Sousa 2, 554 620 ## $dLisboa 675 ## $a331.101(469)"18"$vBN$zpor$31228657 675 ## $a331.91(4+469)"18"$vBN$zpor$31228658 700 #1 $aPerreymond,$bCharles$3129800 702 #1 $aSousa,$bAntónio Alberto Marinho Duarte de,$f1896-1950$4390$3933589 702 #1 $aFerreira,$bPaulino,$f1882-1944$4110$3917703 801 #0 $aPT$bBN$gRPC 856 40 $uhttps://purl.pt/52016 856 41 $uhttps://purl.pt/52016/service/media/cover/low 856 49 $uhttps://purl.pt/52016/service/media/pdf$qapplication/pdf 958 ## $aBND$bLivre$cDigitalizado$d1$ehttps://purl.pt/52016/service/media/cover/max 966 ## $lBN$mFGMON$sH.G. 18682 V. 966 ## $lBN$mFGMON$sS.C. 4013 P. 966 ## $lBN$mFGMON$sS.C. 4849 P. 966 ## $lBN$mFGMON$sS.C. 14855 V. 966 ## $lBN$mFGMON$pBiblioteca Popular$sS.C. 103674 V.$x6 966 ## $lBN$mFGMON$sS.C. 106793 V.$x2 966 ## $lBN$mRESIMP$sD.S. XIX - 737 966 ## $lBN$mRESIMP$sD.S. XIX - 738 966 ## $lBN$mRESIMP$sD.S. XIX - 739 995 ## $aPRR2024 $d20240625$idfontes 998 ## $aCI238-1
|
|
|